000 00667nam a2200229Ia 4500
003 OSt
005 20220926032326.0
006 a|||||r|||| 00| 0
007 ta
008 220923b |||||||| |||| 00| 0 eng d
037 _cGeneral Book
040 _aRTL
_cRTL
_beng
041 _2eng
_aeng
082 _aY9(X:97D).73.N7, L9
100 _aTawney R H
_910766
245 0 _aAmerican labour movement and other essays. Ed by J.M. Winter
260 _aSussex
_bHarvester Press
_c1979
300 _axxiv, 258p
_ccm.
650 _aTrade Union Sociology
942 _hY9(X:97D).73.N7, L9
_cGB
_2CC
999 _c654406
_d654406